| 000 | 02532 a2200325 4500 | ||
|---|---|---|---|
| 001 | TB12676 | ||
| 003 | IN-BhIIT | ||
| 005 | 20260116162342.0 | ||
| 008 | 251226b |||||||| |||| 00| 0 eng d | ||
| 020 | _a9780521430647 (hbk.) | ||
| 040 | _aIN-BhIIT | ||
| 041 | _aeng | ||
| 082 |
_a518.2015153 _bPRE/N |
||
| 100 |
_aPress, William H. _eAuthor _914963 |
||
| 245 |
_aNumerical recipes in fortran 77 : _bthe art of scientific computing / _cWilliam H. Press ... [et.al.] |
||
| 250 | _a2nd ed. | ||
| 260 |
_aNew York : _bCambridge University Press, _c1992. |
||
| 300 |
_axxxi, 933 p. : _bill. ; _c24 cm. |
||
| 490 | _aNumerical Recipes; v.1 | ||
| 504 | _aIncludes bibliographical references and index. | ||
| 520 | _aThis is the greatly revised and greatly expanded Second Edition of the hugely popular Numerical Recipes: The Art of Scientific Computing. The product of a unique collaboration among four leading scientists in academic research and industry Numerical Recipes is a complete text and reference book on scientific computing. In a self-contained manner it proceeds from mathematical and theoretical considerations to actual practical computer routines. With over 100 new routines bringing the total to well over 300, plus upgraded versions of the original routines, this new edition remains the most practical, comprehensive handbook of scientific computing available today. Highlights of the new material include: -A new chapter on integral equations and inverse methods -Multigrid and other methods for solving partial differential equations -Improved random number routines - Wavelet transforms -The statistical bootstrap method -A new chapter on "less-numerical" algorithms including compression coding and arbitrary precision arithmetic. The book retains the informal easy-to-read style that made the first edition so popular, while introducing some more advanced topics. It is an ideal textbook for scientists and engineers and an indispensable reference for anyone who works in scientific computing. The Second Edition is availabe in FORTRAN, the traditional language for numerical calculations and in the increasingly popular C language. | ||
| 650 |
_aNumerical language _927046 |
||
| 650 |
_aFORTRAN [computer program language] _97089 |
||
| 650 |
_aNumerical Analysis _92089 |
||
| 650 |
_aProgramming Languages _93313 |
||
| 700 |
_aFlannery, Brian P. _eJoint author _926883 |
||
| 700 |
_aTeukolsky, Saul A. _eJoint author _926805 |
||
| 700 |
_aVetterling,William T. _eJoint author _926803 |
||
| 942 | _cTB | ||
| 999 |
_c15210 _d15210 |
||